| 000 | 00695nam a2200229Ia 4500 | ||
|---|---|---|---|
| 001 | 8586 | ||
| 003 | GE_BSU | ||
| 008 | 181216s||||||||xx |||||||||||||| ||und|| | ||
| 040 | _cGE_BSU | ||
| 080 | _a821.353.1-32 | ||
| 100 | _aთოდაძე, შ. | ||
| 245 | _aზღვით შობილი | ||
| 245 | _bმოთხრობები. | ||
| 245 | _cრედ.: ლ. ბეჟანიძე; მხატვ.: რ. ლომაძე | ||
| 260 | _aბათუმი | ||
| 260 | _bსაბჭ. აჭარა | ||
| 260 | _c1974 | ||
| 300 | _a77 გვ; 16 სმ. | ||
| 653 | _aზღვით შობილი | ||
| 653 | _aმოთხრობები. | ||
| 942 | _cBK | ||
| 999 |
_c41902 _d41902 |
||